[Event "Salamanca Unamuno Cup"]
[Site "Salamanca"]
[Date "2021.12.06"]
[Round "6"]
[White "Perez Nunez, Saul"]
[Black "Ortegon Villacorte, Linda Daniela"]
[Result "1-0"]
[WhiteElo "2156"]
[BlackElo "1858"]
[PlyCount "41"]
[EventDate "2021.12.03"]
[EventType "swiss"]
[EventRounds "9"]
[EventCountry "ESP"]
[SourceTitle "EXT 2023"]
[Source "ChessBase"]
[SourceDate "2022.10.05"]
[SourceVersion "1"]
[SourceVersionDate "2022.10.05"]
[SourceQuality "1"]

1. e4 e6 2. d4 d5 3. exd5 exd5 4. Nf3 Nf6 5. Bd3 Be7 6. Nc3 c6 7. h3 Nbd7 8. Bf4 Nf8 9. 0-0 Ne6 10. Bh2 0-0 11. Re1 b6 12. Ne5 Bb7 13. Bf5 Nc7 14. Nd7 Nxd7 15. Bxc7 Qxc7 16. Rxe7 Rad8 17. Qh5 g6 18. Qg5 Bc8 19. Rae1 Qd6 20. Be6 Nf6 21. Qxf6 1-0

[Event "Salamanca Unamuno Cup"]
[Site "Salamanca"]
[Date "2021.12.05"]
[Round "4"]
[White "Perez Nunez, Saul"]
[Black "Gonzalez Perez, Arian"]
[Result "0-1"]
[WhiteElo "2156"]
[BlackElo "2456"]
[PlyCount "108"]
[EventDate "2021.12.03"]
[EventType "swiss"]
[EventRounds "9"]
[EventCountry "ESP"]
[SourceTitle "EXT 2023"]
[Source "ChessBase"]
[SourceDate "2022.10.05"]
[SourceVersion "1"]
[SourceVersionDate "2022.10.05"]
[SourceQuality "1"]

1. e4 Nf6 2. e5 Nd5 3. d4 d6 4. c4 Nb6 5. exd6 cxd6 6. Nc3 g6 7. h3 Bg7 8. Nf3 0-0 9. Be2 e5 10. Bg5 f6 11. Be3 Be6 12. c5 dxc5 13. dxe5 Qxd1+ 14. Rxd1 N8d7 15. 0-0 Rac8 16. exf6 Nxf6 17. Ng5 Bc4 18. Bxc4+ Nxc4 19. Ne6 Nxe3 20. fxe3 Rf7 21. Nxg7 Kxg7 22. Nb5 Re7 23. Nd6 Rcc7 24. Nb5 Rc8 25. Nd6 Rc6 26. e4 b6 27. Rfe1 Nd7 28. Nb5 Ne5 29. Nc3 c4 30. Re2 a6 31. a4 Ree6 32. Red2 Nd3 33. b3 Ne5 34. Ne2 Re7 35. bxc4 Rxc4 36. Rd4 Rec7 37. Nf4 Rxd4 38. Rxd4 Rc4 39. Ne6+ Kf6 40. Rd6 Rc6 41. Rxc6 Nxc6 42. Nc7 Nb4 43. Na8 Ke5 44. Nxb6 Kxe4 45. Kh2 Kd4 46. Kg3 Nd5 47. Nd7 a5 48. Nf8 Nc3 49. Nxh7 Nxa4 50. Ng5 Nc5 51. Nf3+ Kc3 52. Kf2 a4 53. Ng1 a3 54. Ne2+ Kb2 0-1

[Event "Salamanca Unamuno Cup"]
[Site "Salamanca"]
[Date "2021.12.04"]
[Round "3"]
[White "Garcia Dorado, Alberto"]
[Black "Perez Nunez, Saul"]
[Result "1/2-1/2"]
[WhiteElo "2212"]
[BlackElo "2156"]
[PlyCount "103"]
[EventDate "2021.12.03"]
[EventType "swiss"]
[EventRounds "9"]
[EventCountry "ESP"]
[SourceTitle "EXT 2023"]
[Source "ChessBase"]
[SourceDate "2022.10.05"]
[SourceVersion "1"]
[SourceVersionDate "2022.10.05"]
[SourceQuality "1"]

1. d4 Nf6 2. c4 g6 3. Nc3 Bg7 4. g3 0-0 5. Bg2 d6 6. Nf3 Nc6 7. 0-0 a6 8. b3 Rb8 9. d5 Nxd5 10. cxd5 Bxc3 11. Bh6 Ne5 12. Nxe5 Bxe5 13. Bxf8 Bxa1 14. Bxe7 Qxe7 15. Qxa1 Bd7 16. e4 c5 17. dxc6 Bxc6 18. Qd4 Qe5 19. Rd1 Re8 20. Qxd6 Qxd6 21. Rxd6 Bxe4 22. Bxe4 Rxe4 23. Rd7 b5 24. Rd6 a5 25. Rd5 Re1+ 26. Kg2 Ra1 27. Rd2 Kg7 28. Kf3 Re1 29. h4 h5 30. Kf4 Kf6 31. Rd6+ Ke7 32. Ra6 Re2 33. Rxa5 Rxf2+ 34. Ke3 Rg2 35. Kf3 Rc2 36. Rxb5 Rxa2 37. Re5+ Kf6 38. Re3 Kf5 39. Rc3 Ra5 40. b4 Rb5 41. Rc4 f6 42. Rf4+ Ke5 43. Ke3 g5 44. Re4+ Kd5 45. Kd3 gxh4 46. gxh4 f5 47. Rd4+ Ke5 48. Ke3 Rb8 49. Rc4 Rg8 50. Rc5+ Ke6 51. Rc6+ Ke5 52. Rc5+ 1/2-1/2

[Event "Oviedo op 7th"]
[Site "Oviedo"]
[Date "2019.07.16"]
[Round "2"]
[White "Perez Nunez, Saul"]
[Black "Admiraal, Miguoel"]
[Result "0-1"]
[WhiteElo "2195"]
[BlackElo "2504"]
[PlyCount "168"]
[EventDate "2019.07.15"]
[EventType "swiss"]
[EventRounds "9"]
[EventCountry "ESP"]
[SourceTitle "CBM 191 Extra"]
[Source "ChessBase"]
[SourceDate "2019.09.30"]
[SourceVersion "1"]
[SourceVersionDate "2019.09.30"]
[SourceQuality "1"]

1. e4 c5 2. Nf3 e6 3. d4 cxd4 4. Nxd4 Nc6 5. Nc3 Qc7 6. Be3 a6 7. Bd3 Nf6 8. 0-0 Nxd4 9. Bxd4 Bc5 10. Be2 d6 11. Qd2 Bxd4 12. Qxd4 e5 13. Qd2 Be6 14. Rfd1 Ke7 15. Bf3 Rac8 16. Rac1 Rhd8 17. g3 b5 18. a3 Qc5 19. Nd5+ Bxd5 20. exd5 Kf8 21. Bg2 Qb6 22. Qb4 Rc5 23. Qb3 Re8 24. Qe3 b4 25. c4 bxa3 26. Qxa3 a5 27. Bf1 Rb8 28. Rb1 g6 29. Qe3 Kg7 30. Qe1 Nd7 31. Ra1 Qb4 32. Qxb4 Rxb4 33. Ra3 Nb6 34. b3 f5 35. Rda1 a4 36. bxa4 Ra5 37. Rc1 Raxa4 38. Rxa4 Nxa4 39. Ra1 e4 40. Kg2 Kf6 41. h4 Ke5 42. Rd1 Nb2 43. Ra1 Na4 44. Rd1 h6 45. f4+ exf3+ 46. Kxf3 Nc5 47. Re1+ Ne4 48. Re3 Rb2 49. Be2 Kd4 50. Rd3+ Ke5 51. Re3 Kd4 52. Rd3+ Kc5 53. g4 fxg4+ 54. Kxe4 Rxe2+ 55. Kf4 Kxc4 56. Rd1 Re5 57. Kxg4 Rxd5 58. Rc1+ Kd4 59. Rf1 Ke5 60. Rf8 Rd4+ 61. Kg3 Rd3+ 62. Kg2 d5 63. h5 gxh5 64. Rh8 h4 65. Rxh6 Rg3+ 66. Kf2 Rg4 67. Ke3 d4+ 68. Ke2 Rf4 69. Rh8 Kf5 70. Rf8+ Kg4 71. Rg8+ Kh3 72. Rg7 Rg4 73. Rf7 Kh2 74. Rf3 h3 75. Kf2 Re4 76. Rf8 Kh1 77. Ra8 Kh2 78. Rf8 Re7 79. Rf3 Ra7 80. Rf4 Rd7 81. Ke2 Kg3 82. Rf3+ Kg4 83. Rf8 Rh7 84. Rg8+ Kf5 0-1

[Event "Trevias op 24th"]
[Site "Trevias"]
[Date "2018.09.20"]
[Round "4"]
[White "Suarez Fernandez, Pablo"]
[Black "Perez Nunez, Saul"]
[Result "1-0"]
[WhiteElo "2084"]
[BlackElo "2182"]
[PlyCount "97"]
[EventDate "2018.09.17"]
[EventType "swiss"]
[EventRounds "7"]
[EventCountry "ESP"]
[SourceTitle "CBM 186 Extra"]
[Source "ChessBase"]
[SourceDate "2018.08.24"]
[SourceVersion "1"]
[SourceVersionDate "2018.08.24"]
[SourceQuality "1"]

1. e4 c5 2. Nf3 d6 3. d4 cxd4 4. Nxd4 Nf6 5. Nc3 a6 6. h3 e6 7. g3 b5 8. Bg2 Bb7 9. a3 Nbd7 10. 0-0 Qc7 11. f4 Be7 12. Nb3 Rc8 13. Be3 Nb6 14. Na5 Ba8 15. Qd4 Nbd7 16. Nb3 0-0 17. Rfe1 Nh5 18. g4 Nxf4 19. Bxf4 e5 20. Qd2 exf4 21. Nd4 Qc5 22. Kh1 g6 23. Rad1 Bf6 24. Nce2 d5 25. exd5 Bxd5 26. Qxf4 Bg5 27. Qg3 Bxg2+ 28. Qxg2 Ne5 29. Ng3 Bh4 30. Ne4 Qb6 31. Re2 h6 32. c3 Rce8 33. Rf1 a5 34. Qh2 Nd7 35. Qf4 Kg7 36. Rg2 Bd8 37. g5 hxg5 38. Nxg5 Ne5 39. Ne4 Rh8 40. Nf5+ Kf8 41. Nfd6 Rxh3+ 42. Rh2 Rxh2+ 43. Qxh2 Kg8 44. Nxe8 Ng4 45. Qf4 f5 46. Qd6 Kf7 47. Qxb6 Bxb6 48. N4d6+ Ke7 49. Nc8+ 1-0

[Event "ESP-chT CECLUB Div2"]
[Site "Linares"]
[Date "2018.08.17"]
[Round "5.6"]
[White "Perez Nunez, Saul"]
[Black "Suarez Pousa, Diego"]
[Result "0-1"]
[WhiteElo "2186"]
[BlackElo "2398"]
[PlyCount "92"]
[EventDate "2018.08.14"]
[EventType "team-swiss"]
[EventRounds "7"]
[EventCountry "ESP"]
[SourceTitle "CBM 186 Extra"]
[Source "ChessBase"]
[SourceDate "2018.08.24"]
[SourceVersion "1"]
[SourceVersionDate "2018.08.24"]
[SourceQuality "1"]
[WhiteTeam "Ensidesa"]
[BlackTeam "USC"]
[WhiteTeamCountry "ESP"]
[BlackTeamCountry "ESP"]

1. e4 e5 2. Nf3 Nc6 3. Bb5 a6 4. Ba4 Nf6 5. 0-0 Be7 6. Re1 b5 7. Bb3 d6 8. c3 0-0 9. h3 Na5 10. Bc2 c5 11. d4 Qc7 12. Nbd2 Re8 13. b3 Bf8 14. Bb2 c4 15. b4 Nc6 16. d5 Ne7 17. a4 Bd7 18. Nf1 Ng6 19. Ng3 Nf4 20. Ne2 bxa4 21. Nxf4 exf4 22. Qd2 a5 23. Qxf4 axb4 24. cxb4 c3 25. Ba3 Nh5 26. Qh2 g6 27. g4 Nf6 28. Qf4 Bg7 29. b5 Bxb5 30. Bxd6 Qc4 31. Ne5 Qc8 32. g5 Nh5 33. Qxf7+ Kh8 34. Ng4 Qd8 35. Nf6 Qxd6 36. Nxe8 Rxe8 37. Qf3 Qe5 38. Qe3 Nf4 39. h4 Ra8 40. Reb1 Ne2+ 41. Kg2 Nd4 42. Qxc3 Qf4 43. Ra3 Be5 44. Qh3 Nxc2 45. Rxb5 Rf8 46. Rf3 Ne1+ 0-1

[Event "Gijon rapid op 18th"]
[Site "Gijon"]
[Date "2018.07.22"]
[Round "6"]
[White "Vinuela Diaz, Saul"]
[Black "Perez Nunez, Saul"]
[Result "0-1"]
[WhiteElo "2230"]
[BlackElo "2186"]
[PlyCount "264"]
[EventDate "2018.07.22"]
[EventType "swiss (rapid)"]
[EventRounds "9"]
[EventCountry "ESP"]
[SourceTitle "CBM 185 Extra"]
[Source "ChessBase"]
[SourceDate "2018.07.29"]
[SourceVersion "1"]
[SourceVersionDate "2018.07.29"]
[SourceQuality "1"]

1. Nf3 d5 2. c4 e6 3. b3 Nf6 4. e3 b6 5. Bb2 Bb7 6. d4 Nbd7 7. Bd3 Be7 8. 0-0 0-0 9. Nbd2 c5 10. Rc1 Rc8 11. Qc2 dxc4 12. bxc4 cxd4 13. exd4 h6 14. Qb1 Rc7 15. Ne5 Nxe5 16. dxe5 Nd7 17. Be4 Qa8 18. Bxb7 Qxb7 19. Ne4 Rfc8 20. Qd3 Nc5 21. Nxc5 Rxc5 22. Rfd1 Qa6 23. Ba3 R5c7 24. Bd6 Rd7 25. Qb3 Bxd6 26. exd6 Rcd8 27. Qb4 Qxa2 28. g3 Qe2 29. c5 bxc5 30. Qxc5 Qa6 31. Ra1 Qb6 32. Qc4 Rxd6 33. Rdb1 Qd4 34. Qxd4 Rxd4 35. Rxa7 Rd1+ 36. Rxd1 Rxd1+ 37. Kg2 g6 38. h4 Kg7 39. Ra8 Rd2 40. Kf3 Rb2 41. Rc8 Kf6 42. Rh8 Kg7 43. Rc8 Rb4 44. Ra8 g5 45. hxg5 hxg5 46. g4 f5 47. gxf5 exf5 48. Ra6 Re4 49. Kg3 Kf7 50. Rb6 Re6 51. Rb8 Kf6 52. Rf8+ Ke5 53. Rg8 Kf6 54. Rf8+ Kg6 55. Rg8+ Kh6 56. Rf8 Re5 57. Rh8+ Kg7 58. Ra8 Rb5 59. Ra6 Rb4 60. Rc6 Re4 61. Ra6 Kf7 62. Rb6 Re6 63. Rb8 Kg7 64. Ra8 Kg6 65. Rg8+ Kh5 66. Rh8+ Rh6 67. Rf8 Kg6 68. Rg8+ Kf6 69. Rf8+ Ke5 70. Rg8 g4 71. Re8+ Re6 72. Ra8 Kf6 73. Rf8+ Kg5 74. Rg8+ Rg6 75. Rf8 Rh6 76. Rg8+ Kf6 77. Rf8+ Ke6 78. Re8+ Kf7 79. Ra8 Rh3+ 80. Kg2 Kf6 81. Rg8 Ra3 82. Rb8 Kg5 83. Rb5 Ra4 84. Rc5 Ra8 85. Rb5 Re8 86. Kg3 Rc8 87. Kg2 Rc3 88. Ra5 Rc1 89. Rb5 Re1 90. Ra5 Kf6 91. Kg3 Re5 92. Ra8 Re7 93. Rf8+ Ke5 94. f3 gxf3 95. Kxf3 Ra7 96. Re8+ Kf6 97. Re3 Ra4 98. Rb3 Rh4 99. Kg3 Rh8 100. Kf4 Rh4+ 101. Kg3 Ra4 102. Kf3 Kg5 103. Rb5 Ra3+ 104. Kf2 Ra4 105. Rb8 Kf4 106. Re8 Ra2+ 107. Kf1 Kf3 108. Kg1 f4 109. Rb8 Ra1+ 110. Kh2 Re1 111. Rf8 Re2+ 112. Kg1 Re1+ 113. Kh2 Ke3 114. Kg2 Re2+ 115. Kf1 Rf2+ 116. Kg1 Ra2 117. Re8+ Kf3 118. Rf8 Ra1+ 119. Kh2 Re1 120. Rf7 Re6 121. Kg1 Re1+ 122. Kh2 Re4 123. Rf8 Kf2 124. Rf7 f3 125. Rf8 Re3 126. Ra8 Kf1 127. Ra1+ Re1 128. Ra3 f2 129. Rg3 Ke2 130. Rg2 Ke3 131. Rg3+ Ke4 132. Rg4+ Ke5 0-1

[Event "Barcelona Sants op-A18th"]
[Site "Barcelona"]
[Date "2016.08.21"]
[Round "3"]
[White "Perez Nunez, Saul"]
[Black "Schroeder, Jan Christian"]
[Result "0-1"]
[WhiteElo "2141"]
[BlackElo "2523"]
[PlyCount "26"]
[EventDate "2016.08.19"]
[EventType "swiss"]
[EventRounds "10"]
[EventCountry "ESP"]
[SourceTitle "CBM 174 Extra"]
[Source "ChessBase"]
[SourceDate "2016.10.10"]
[SourceVersion "1"]
[SourceVersionDate "2016.10.10"]
[SourceQuality "1"]

1. e4 e5 2. Nf3 Nc6 3. Bb5 a6 4. Ba4 Nf6 5. Qe2 b5 6. Bb3 Bc5 7. 0-0 0-0 8. c3 d6 9. Rd1 Bb6 10. d3 Be6 11. Bc2 Re8 12. a4 b4 13. Bg5 b3 0-1